<?xml version="1.0" encoding="UTF-8"?>
<collection xmlns="http://www.loc.gov/MARC21/slim">
 <record>
  <leader>01387nam a22002417a 4500</leader>
  <controlfield tag="001">NCT_56231</controlfield>
  <controlfield tag="008">190105b        xxu||||| |||| 00| 0 vie d</controlfield>
  <datafield tag="999" ind1=" " ind2=" ">
   <subfield code="c">2716</subfield>
   <subfield code="d">2716</subfield>
  </datafield>
  <datafield tag="020" ind1=" " ind2=" ">
   <subfield code="a">9786045994382</subfield>
   <subfield code="c">385000</subfield>
  </datafield>
  <datafield tag="082" ind1="0" ind2="4">
   <subfield code="2">23rd ed.</subfield>
   <subfield code="a">346.597043</subfield>
   <subfield code="b">L105</subfield>
  </datafield>
  <datafield tag="100" ind1="1" ind2=" ">
   <subfield code="a">Phạm Thị Hương Lan</subfield>
   <subfield code="e">Chủ biên</subfield>
  </datafield>
  <datafield tag="245" ind1="1" ind2="0">
   <subfield code="a">Bình luận khoa học luật đất đai (năm 2013)</subfield>
   <subfield code="c">Phạm Thị Hương Lan (chủ biên); Nguyễn Quang Tuyến, Trần Văn Biên</subfield>
  </datafield>
  <datafield tag="260" ind1=" " ind2=" ">
   <subfield code="a">H.</subfield>
   <subfield code="b">Lao động</subfield>
   <subfield code="c">2018</subfield>
  </datafield>
  <datafield tag="300" ind1=" " ind2=" ">
   <subfield code="a">399 tr.</subfield>
   <subfield code="c">28cm</subfield>
  </datafield>
  <datafield tag="653" ind1=" " ind2=" ">
   <subfield code="a">Luật học</subfield>
  </datafield>
  <datafield tag="700" ind1="1" ind2=" ">
   <subfield code="a">Nguyễn Quang Tuyến </subfield>
  </datafield>
  <datafield tag="700" ind1="1" ind2=" ">
   <subfield code="a">Trần Văn Biên</subfield>
  </datafield>
  <datafield tag="942" ind1=" " ind2=" ">
   <subfield code="2">ddc</subfield>
   <subfield code="c">BK</subfield>
  </datafield>
  <datafield tag="952" ind1=" " ind2=" ">
   <subfield code="0">0</subfield>
   <subfield code="1">0</subfield>
   <subfield code="2">ddc</subfield>
   <subfield code="4">0</subfield>
   <subfield code="6">346_597043000000000_L105</subfield>
   <subfield code="7">0</subfield>
   <subfield code="9">14974</subfield>
   <subfield code="a">000001</subfield>
   <subfield code="b">000001</subfield>
   <subfield code="d">2019-01-05</subfield>
   <subfield code="l">5</subfield>
   <subfield code="m">1</subfield>
   <subfield code="o">346.597043 L105</subfield>
   <subfield code="p">MD.13761</subfield>
   <subfield code="q">2022-03-07</subfield>
   <subfield code="r">2022-02-21</subfield>
   <subfield code="s">2022-02-21</subfield>
   <subfield code="v">385000.00</subfield>
   <subfield code="w">2019-01-05</subfield>
   <subfield code="y">BK</subfield>
  </datafield>
  <datafield tag="952" ind1=" " ind2=" ">
   <subfield code="0">0</subfield>
   <subfield code="1">0</subfield>
   <subfield code="2">ddc</subfield>
   <subfield code="4">0</subfield>
   <subfield code="6">346_597043000000000_L105</subfield>
   <subfield code="7">0</subfield>
   <subfield code="9">14975</subfield>
   <subfield code="a">000001</subfield>
   <subfield code="b">000001</subfield>
   <subfield code="d">2019-01-05</subfield>
   <subfield code="o">346.597043 L105</subfield>
   <subfield code="p">MD.13762</subfield>
   <subfield code="r">2019-01-05</subfield>
   <subfield code="v">385000.00</subfield>
   <subfield code="w">2019-01-05</subfield>
   <subfield code="y">BK</subfield>
  </datafield>
  <datafield tag="952" ind1=" " ind2=" ">
   <subfield code="0">0</subfield>
   <subfield code="1">0</subfield>
   <subfield code="2">ddc</subfield>
   <subfield code="4">0</subfield>
   <subfield code="6">346_597043000000000_L105</subfield>
   <subfield code="7">0</subfield>
   <subfield code="9">21038</subfield>
   <subfield code="a">000001</subfield>
   <subfield code="b">000001</subfield>
   <subfield code="d">2021-04-01</subfield>
   <subfield code="o">346.597043 L105</subfield>
   <subfield code="p">MD.18298</subfield>
   <subfield code="r">2021-04-01</subfield>
   <subfield code="v">385000.00</subfield>
   <subfield code="w">2021-04-01</subfield>
   <subfield code="y">BK</subfield>
  </datafield>
  <datafield tag="952" ind1=" " ind2=" ">
   <subfield code="0">0</subfield>
   <subfield code="1">0</subfield>
   <subfield code="2">ddc</subfield>
   <subfield code="4">0</subfield>
   <subfield code="6">346_597043000000000_L105</subfield>
   <subfield code="7">0</subfield>
   <subfield code="9">21039</subfield>
   <subfield code="a">000001</subfield>
   <subfield code="b">000001</subfield>
   <subfield code="d">2021-04-01</subfield>
   <subfield code="o">346.597043 L105</subfield>
   <subfield code="p">MD.18299</subfield>
   <subfield code="r">2021-04-01</subfield>
   <subfield code="v">385000.00</subfield>
   <subfield code="w">2021-04-01</subfield>
   <subfield code="y">BK</subfield>
  </datafield>
  <datafield tag="980" ind1=" " ind2=" ">
   <subfield code="a">Thư viện Trường Đại học Nam Cần Thơ</subfield>
  </datafield>
 </record>
</collection>
